[Event "Novi Sad TS GM/IM Mix 189th"]
[Site "Novi Sad"]
[Date "2024.02.29"]
[Round "1"]
[White "Averin, Nikolay"]
[Black "Agibileg, Uurtsaikh"]
[Result "1/2-1/2"]
[WhiteElo "2254"]
[BlackElo "2445"]
[PlyCount "70"]
[EventDate "2024.02.29"]
[EventType "swiss"]
[EventRounds "9"]
[EventCountry "SRB"]
[SourceTitle "CB12_2024"]
[SourceDate "2023.10.01"]
[SourceVersion "1"]
[SourceVersionDate "2023.10.01"]
[SourceQuality "1"]

1. e4 e5 2. Nf3 Nc6 3. Bb5 a6 4. Ba4 Nf6 5. 0-0 d6 6. Re1 Bd7 7. c3 g6 8. d4 Bg7 9. dxe5 Nxe5 10. Nxe5 dxe5 11. Bxd7+ Nxd7 12. Be3 0-0 13. Qb3 Qc8 14. Nd2 Nf6 15. a4 a5 16. Bc5 Re8 17. Rad1 h6 18. Ba3 b6 19. Qb5 Rb8 20. Nc4 Qe6 21. f3 h5 22. Ne3 h4 23. Qc4 Bh6 24. Qxc7 Rbc8 25. Qd6 Bxe3+ 26. Rxe3 Qb3 27. Rd2 Nh5 28. Qd7 Rcd8 29. Qxd8 Rxd8 30. Rxd8+ Kh7 31. Red3 h3 32. R3d7 Kh6 33. gxh3 Kg5 34. Rd2 Kh6 35. R2d7 Kg7 1/2-1/2

[Event "Senta Fantastico op 02"]
[Site "Senta"]
[Date "2024.02.25"]
[Round "6"]
[White "Srdanovic, Jovana"]
[Black "Averin, Nikolay"]
[Result "1-0"]
[WhiteElo "2107"]
[BlackElo "2254"]
[PlyCount "95"]
[EventDate "2024.02.22"]
[EventType "swiss"]
[EventRounds "9"]
[EventCountry "SRB"]
[SourceTitle "CB10_2024"]
[SourceDate "2024.03.06"]
[SourceVersion "1"]
[SourceVersionDate "2024.03.06"]
[SourceQuality "1"]

1. d4 d5 2. c4 e6 3. Nc3 Nf6 4. Nf3 a6 5. cxd5 exd5 6. Bg5 Be7 7. e3 0-0 8. Bd3 h6 9. Bh4 Nbd7 10. 0-0 b6 11. Rc1 Bb7 12. Bb1 Rc8 13. Bf5 g6 14. Bh3 g5 15. Bxd7 Qxd7 16. Ne5 Qe6 17. Bg3 Ne4 18. Qh5 Kg7 19. f4 Nxg3 20. hxg3 f5 21. g4 c5 22. Ne2 fxg4 23. f5 Qd6 24. f6+ Bxf6 25. Qg6+ Kh8 26. Qxh6+ Kg8 27. Qg6+ Kh8 28. Nf7+ Rxf7 29. Qxf7 Bg7 30. Qxb7 Qe6 31. Qf7 Qxe3+ 32. Qf2 Qe7 33. Rce1 Rf8 34. Qg3 Rxf1+ 35. Kxf1 cxd4 36. Nc1 Qf7+ 37. Kg1 Qf5 38. Nd3 Kg8 39. Re8+ Kf7 40. Rb8 Qe4 41. Qc7+ Kg6 42. Rxb6+ Bf6 43. Ne5+ Kf5 44. Qd7+ Kxe5 45. Re6+ Kf4 46. Rxf6+ Ke3 47. Re6 d3 48. Qxd5 1-0

[Event "Wch Blitz"]
[Site "Samarkand"]
[Date "2023.12.30"]
[Round "17"]
[White "Averin, Nikolay"]
[Black "Nasuta, Grzegorz"]
[Result "0-1"]
[WhiteElo "2246"]
[BlackElo "2579"]
[PlyCount "42"]
[EventDate "2023.12.29"]
[EventType "swiss (blitz)"]
[EventRounds "21"]
[EventCountry "UZB"]
[SourceTitle "CB01_2024"]
[SourceDate "2024.01.03"]
[SourceVersion "1"]
[SourceVersionDate "2024.01.03"]
[SourceQuality "1"]

1. e4 c5 2. Nf3 e6 3. d4 cxd4 4. Nxd4 Nc6 5. Nb5 d6 6. c4 Nf6 7. N1c3 a6 8. Nd4 Bd7 9. Be3 Rc8 10. Nxc6 Bxc6 11. f3 d5 12. exd5 exd5 13. a3 Bd6 14. Be2 0-0 15. 0-0 dxc4 16. Bxc4 Qc7 17. Kh1 Bxh2 18. f4 Bg3 19. Bd4 Rcd8 20. Ne2 Qc8 21. Nxg3 Qh3+ 0-1

[Event "Wch Blitz"]
[Site "Samarkand"]
[Date "2023.12.29"]
[Round "6"]
[White "Tregubenko, Nikolay"]
[Black "Averin, Nikolay"]
[Result "0-1"]
[WhiteElo "2017"]
[BlackElo "2246"]
[PlyCount "132"]
[EventDate "2023.12.29"]
[EventType "swiss (blitz)"]
[EventRounds "21"]
[EventCountry "UZB"]
[SourceTitle "CB01_2024"]
[SourceDate "2024.01.03"]
[SourceVersion "1"]
[SourceVersionDate "2024.01.03"]
[SourceQuality "1"]

1. e4 Nf6 2. e5 Nd5 3. d4 d6 4. c4 Nb6 5. f4 Bf5 6. Nc3 e6 7. Be3 Be7 8. Nf3 0-0 9. Be2 dxe5 10. fxe5 Nc6 11. 0-0 f6 12. exf6 Bxf6 13. Qd2 Qd7 14. Rad1 Rad8 15. Kh1 h6 16. b3 Qe7 17. Qe1 Nb4 18. Qf2 Bg4 19. Rd2 Nc6 20. Ne4 Bf5 21. Nxf6+ Qxf6 22. Qg3 Rd7 23. Rfd1 Rfd8 24. Ne5 Nxe5 25. dxe5 Qg6 26. Qxg6 Bxg6 27. Bf3 Rxd2 28. Rxd2 Rxd2 29. Bxd2 c6 30. Bd1 Nd7 31. Bc3 Bb1 32. a3 Kf7 33. Bh5+ Bg6 34. Bf3 Bc2 35. b4 Bd3 36. b5 cxb5 37. cxb5 b6 38. Bc6 Nc5 39. Kg1 Na4 40. Bd4 Kg6 41. Kf2 Kf5 42. Ke3 Bb1 43. h3 Kg6 44. g4 Kf7 45. h4 Ke7 46. Kf4 Bg6 47. Ke3 Bc2 48. Kd2 Bg6 49. Ke3 Kd8 50. h5 Bc2 51. Kd2 Bh7 52. Ke3 Kc7 53. Kd2 Nc5 54. Ke3 Nb3 55. Bb2 Na5 56. Bf3 Nc4+ 57. Kd4 Nxb2 58. Kc3 Na4+ 59. Kb4 Nc5 60. a4 Nd3+ 61. Kc3 Nxe5 62. Be2 Kd6 63. Kd4 Bc2 64. a5 bxa5 65. Kc3 Be4 66. Kd4 Bf3 0-1

[Event "Wch Rapid"]
[Site "Samarkand"]
[Date "2023.12.27"]
[Round "9"]
[White "Averin, Nikolay"]
[Black "Dreev, Alexey"]
[Result "1/2-1/2"]
[WhiteElo "2246"]
[BlackElo "2606"]
[PlyCount "144"]
[EventDate "2023.12.26"]
[EventType "swiss (rapid)"]
[EventRounds "13"]
[EventCountry "UZB"]
[SourceTitle "CB01_2024"]
[SourceDate "2024.01.03"]
[SourceVersion "1"]
[SourceVersionDate "2024.01.03"]
[SourceQuality "1"]

1. e4 c5 2. Nf3 e6 3. d4 cxd4 4. Nxd4 Nf6 5. Nc3 Nc6 6. Ndb5 Bb4 7. a3 Bxc3+ 8. Nxc3 d5 9. exd5 exd5 10. Bd3 0-0 11. 0-0 d4 12. Ne4 Bf5 13. Bg5 Bxe4 14. Bxe4 h6 15. Bxf6 Qxf6 16. Qf3 Qxf3 17. Bxf3 Rac8 18. Rfe1 Rfd8 19. Be4 Kf8 20. Rad1 b5 21. Re2 a6 22. f3 Ne7 23. Rde1 Rc7 24. Kf2 g6 25. g4 Nc8 26. Rd1 Nb6 27. Red2 Nc4 28. Rxd4 Rxd4 29. Rxd4 Nxb2 30. Rd6 Ra7 31. Rc6 Kg7 32. Ke2 Nc4 33. a4 Ne5 34. Rb6 Nd7 35. Rc6 bxa4 36. Rc4 Nb6 37. Rb4 a3 38. Rb1 Na4 39. Rb3 a2 40. Ra3 Nc3+ 41. Kd3 Nxe4 42. fxe4 Kf6 43. Rxa2 Ke5 44. Ke3 a5 45. Ra4 Kd6 46. Kd4 Kc6 47. c4 Kb6 48. Kd5 Rd7+ 49. Ke5 Rc7 50. Kf6 Ra7 51. e5 Kc5 52. h4 Kd4 53. h5 gxh5 54. gxh5 Ra6+ 55. Kxf7 Kxe5 56. Kg7 Kd4 57. Kh7 Ke5 58. Kg7 Kf5 59. c5 Kg5 60. c6 Ra7+ 61. Kf8 Kxh5 62. Ke8 Kg5 63. Kd8 h5 64. c7 Rxc7 65. Kxc7 h4 66. Rxa5+ Kg4 67. Kd6 h3 68. Ke5 h2 69. Ra1 Kg3 70. Ke4 Kg2 71. Ra2+ Kg3 72. Rxh2 Kxh2 1/2-1/2

[Event "Wch Rapid"]
[Site "Samarkand"]
[Date "2023.12.26"]
[Round "3"]
[White "Averin, Nikolay"]
[Black "Bogdan, David"]
[Result "1-0"]
[WhiteElo "2246"]
[BlackElo "1671"]
[PlyCount "47"]
[EventDate "2023.12.26"]
[EventType "swiss (rapid)"]
[EventRounds "13"]
[EventCountry "UZB"]
[SourceTitle "CB01_2024"]
[SourceDate "2024.01.03"]
[SourceVersion "1"]
[SourceVersionDate "2024.01.03"]
[SourceQuality "1"]

1. e4 c5 2. Nf3 Nc6 3. d4 cxd4 4. Nxd4 Qc7 5. Nc3 e6 6. Be3 Nf6 7. a3 a6 8. Be2 Be7 9. g4 d6 10. g5 Nd7 11. Qd2 b5 12. 0-0-0 Bb7 13. Ndxb5 axb5 14. Nxb5 Qb8 15. Nxd6+ Bxd6 16. Qxd6 Qxd6 17. Rxd6 Ke7 18. Rhd1 Rhd8 19. b3 Rac8 20. Kb2 Rc7 21. Bb5 Ncb8 22. Bb6 Nxb6 23. Rxd8 Bxe4 24. Re8# 1-0

[Event "Wch U14"]
[Site "Montesilvano"]
[Date "2023.11.15"]
[Round "3"]
[White "Yang, Siyuan"]
[Black "Averin, Nikolay"]
[Result "1/2-1/2"]
[WhiteElo "1711"]
[BlackElo "2270"]
[PlyCount "128"]
[EventDate "2023.11.13"]
[EventType "swiss"]
[EventRounds "11"]
[EventCountry "ITA"]
[SourceTitle "CB48_2023"]
[SourceDate "2023.11.29"]
[SourceVersion "1"]
[SourceVersionDate "2023.11.29"]
[SourceQuality "1"]

1. Nf3 d5 2. g3 Bg4 3. Bg2 c6 4. 0-0 Nd7 5. c4 e6 6. d3 Ngf6 7. cxd5 exd5 8. h3 Bxf3 9. Bxf3 Be7 10. d4 0-0 11. Nc3 Re8 12. Qc2 Nf8 13. Bg5 Ne6 14. Bxf6 Bxf6 15. e3 Qd6 16. a4 a5 17. Rfb1 g6 18. Ne2 h5 19. h4 Ng7 20. Nf4 Re7 21. Ra3 Ne6 22. Nxe6 Rxe6 23. Rb3 Qd7 24. Rd1 Bg7 25. Rb6 Bf8 26. Rb3 Bb4 27. Bg2 Qd6 28. Rc1 Kf8 29. Rd3 Ke8 30. Rdd1 f5 31. Qd3 Kd7 32. Qb3 Rd8 33. Bf3 Kc7 34. Kg2 Kb6 35. Rh1 Qe7 36. Qd3 Rg8 37. Rh3 Ka7 38. Rd1 Qd8 39. Rc1 Qb6 40. Qb3 Qd8 41. Qd3 Bd6 42. Rch1 Qb6 43. Qc3 Qd8 44. Qb3 Bb4 45. R3h2 Qe7 46. Qd3 Rf6 47. Rd1 Ra8 48. Rc1 Kb8 49. Qc2 Rd6 50. Be2 Qe4+ 51. Bf3 Qe6 52. Be2 Qe7 53. Rhh1 Ka7 54. Rh2 Kb8 55. Rhh1 Qe8 56. Rh2 Re6 57. Rhh1 Bd6 58. Kf1 Qe7 59. Rh3 Qd7 60. Kg2 Re7 61. Rhh1 Qe6 62. Kf1 Qe4 63. Rh2 Re8 64. Bd3 Qe6 1/2-1/2

[Event "RUS-chT Rapid"]
[Site "Sochi"]
[Date "2023.10.18"]
[Round "3.18"]
[White "Averin, Nikolay"]
[Black "Lintchevski, Daniil"]
[Result "0-1"]
[WhiteElo "2270"]
[BlackElo "2542"]
[PlyCount "65"]
[EventDate "2023.10.18"]
[EventType "team-swiss (rapid)"]
[EventRounds "9"]
[EventCountry "RUS"]
[SourceTitle "Mega2024 Update 01"]
[Source "Chessbase"]
[SourceDate "2023.11.12"]
[SourceVersion "1"]
[SourceVersionDate "2023.11.12"]
[SourceQuality "1"]
[WhiteTeam "Moscow Botvinnik School"]
[BlackTeam "St Petersburg SShOR"]
[WhiteTeamCountry "RUS"]
[BlackTeamCountry "RUS"]

1. e4 e6 2. d4 d5 3. Nd2 c5 4. dxc5 Bxc5 5. Nb3 Bb6 6. exd5 exd5 7. Nf3 Ne7 8. c3 0-0 9. Be2 Nbc6 10. 0-0 Nf5 11. Nbd4 Nfxd4 12. cxd4 Bg4 13. Be3 Qf6 14. Qb3 Bxf3 15. Bxf3 Nxd4 16. Bxd4 Bxd4 17. Bxd5 Bxb2 18. Rab1 Bd4 19. Qxb7 Rae8 20. Bf3 g6 21. Rfe1 Bb6 22. Qc6 Rxe1+ 23. Rxe1 Qb2 24. Kh1 Qxa2 25. Rf1 Rd8 26. h4 Qb2 27. h5 Kg7 28. Qb7 Qf6 29. g3 Rd2 30. Kg2 a5 31. Qa8 gxh5 32. Qe4 Qd4 33. Qf5 0-1

[Event "RUS-chT Blitz"]
[Site "Sochi"]
[Date "2023.10.17"]
[Round "7.18"]
[White "Averin, Nikolay"]
[Black "Demidov, Mikhail"]
[Result "0-1"]
[WhiteElo "2270"]
[BlackElo "2562"]
[PlyCount "116"]
[EventDate "2023.10.17"]
[EventType "team-swiss (blitz)"]
[EventRounds "13"]
[EventCountry "RUS"]
[SourceTitle "Mega2024 Update 01"]
[Source "Chessbase"]
[SourceDate "2023.11.12"]
[SourceVersion "1"]
[SourceVersionDate "2023.11.12"]
[SourceQuality "1"]
[WhiteTeam "Moscow Botvinnik School"]
[BlackTeam "Moscow MGFSO"]
[WhiteTeamCountry "RUS"]
[BlackTeamCountry "RUS"]

1. e4 Nf6 2. e5 Nd5 3. c4 Nb6 4. d4 d6 5. f4 dxe5 6. fxe5 c5 7. d5 g6 8. Nc3 Bg7 9. Bf4 0-0 10. Be2 e6 11. d6 Nc6 12. Nf3 Nd7 13. 0-0 Ndxe5 14. Nxe5 Nxe5 15. Ne4 Nc6 16. Bg5 f6 17. Be3 b6 18. Bf3 Bd7 19. Qd2 Rc8 20. Rad1 Ne5 21. Be2 Bc6 22. Nc3 Qd7 23. a3 a5 24. Bf4 Nf7 25. Bg3 f5 26. Kh1 Bd4 27. Nb5 Bxb5 28. cxb5 Nxd6 29. b4 axb4 30. axb4 Ne4 31. Qd3 Nxg3+ 32. Qxg3 cxb4 33. Qb3 Qd6 34. Rf3 Kg7 35. Bc4 e5 36. Rfd3 Rc7 37. h3 Rfc8 38. Be6 Rd8 39. Bc4 Qe7 40. Qa2 Ra7 41. Qb1 Ra3 42. R3d2 Ra1 43. Qb3 Rxd1+ 44. Rxd1 Bc5 45. Bd5 e4 46. Qb2+ Qf6 47. Qe2 e3 48. Bf3 Rxd1+ 49. Qxd1 Qd4 50. Qc1 b3 51. Qb1 b2 52. Kh2 Bd6+ 53. Kh1 Bc5 54. Kh2 e2 55. Bxe2 Qe5+ 56. Kh1 Qxe2 57. Kh2 Bd6+ 58. Kh1 Qd2 0-1

[Event "RUS-ch Rapid"]
[Site "Sochi"]
[Date "2023.10.16"]
[Round "8"]
[White "Averin, Nikolay"]
[Black "Zablotsky, Sergei"]
[Result "1/2-1/2"]
[WhiteElo "2270"]
[BlackElo "2464"]
[PlyCount "79"]
[EventDate "2023.10.15"]
[EventType "swiss (rapid)"]
[EventRounds "11"]
[EventCountry "RUS"]
[SourceTitle "Mega2024 Update 01"]
[Source "Chessbase"]
[SourceDate "2023.11.12"]
[SourceVersion "1"]
[SourceVersionDate "2023.11.12"]
[SourceQuality "1"]

1. e4 d6 2. d4 Nf6 3. Nc3 e5 4. dxe5 dxe5 5. Qxd8+ Kxd8 6. f3 Be6 7. Be3 c6 8. h4 Nbd7 9. g3 Bc5 10. Bxc5 Nxc5 11. Bh3 Ke7 12. Bxe6 Nxe6 13. 0-0-0 b5 14. Nce2 a5 15. Nh3 Rhd8 16. Rxd8 Rxd8 17. Rd1 Rc8 18. Nf2 Nd7 19. Ng4 g6 20. Ne3 Ndc5 21. c3 h5 22. Kc2 Rf8 23. a3 f5 24. exf5 gxf5 25. b4 Nb7 26. g4 fxg4 27. fxg4 Rf2 28. Rd2 axb4 29. axb4 hxg4 30. Nxg4 Rf5 31. Ng3 Rf3 32. Rd3 e4 33. Nxe4 Rf4 34. Nef2 Nd6 35. Re3 Nf5 36. Rh3 Nh6 37. Rg3 Nf5 38. Rh3 Nh6 39. Rg3 Nf5 40. Rh3 1/2-1/2

[Event "RUS-ch Rapid"]
[Site "Sochi"]
[Date "2023.10.15"]
[Round "3"]
[White "Klimov, Sergey"]
[Black "Averin, Nikolay"]
[Result "0-1"]
[WhiteElo "2486"]
[BlackElo "2270"]
[PlyCount "86"]
[EventDate "2023.10.15"]
[EventType "swiss (rapid)"]
[EventRounds "11"]
[EventCountry "RUS"]
[SourceTitle "Mega2024 Update 01"]
[Source "Chessbase"]
[SourceDate "2023.11.12"]
[SourceVersion "1"]
[SourceVersionDate "2023.11.12"]
[SourceQuality "1"]

1. e4 c5 2. Nf3 d6 3. d4 cxd4 4. Nxd4 Nf6 5. Nc3 a6 6. Be2 Nbd7 7. f4 b5 8. Bf3 e5 9. Nf5 b4 10. Nd5 Bb7 11. 0-0 Nxd5 12. exd5 g6 13. fxe5 gxf5 14. e6 Qb6+ 15. Kh1 Ne5 16. exf7+ Kd7 17. Bh5 Qb5 18. Rxf5 Qxd5 19. Qe2 Qe4 20. Qf2 Rc8 21. Rxe5 Qxe5 22. Bg4+ Kc7 23. Be3 Bg7 24. Re1 Qf6 25. Bf4 Rhf8 26. Qc5+ Kb8 27. Qxd6+ Qxd6 28. Bxd6+ Ka7 29. Bxf8 Rxf8 30. Re7 Bf6 31. Rd7 Kb8 32. Bh5 Kc8 33. Bg4 Kb8 34. Bh5 Kc8 35. Bg4 Kb8 36. Bh5 Kc8 37. Bg4 Kb8 38. Bh5 Bxb2 39. Re7 Bg7 40. Kg1 Bd5 41. h4 Bxa2 42. g4 a5 43. g5 a4 0-1

[Event "RUS-ch Blitz"]
[Site "Sochi"]
[Date "2023.10.14"]
[Round "2"]
[White "Krylov, Mikhail"]
[Black "Averin, Nikolay"]
[Result "1-0"]
[WhiteElo "2456"]
[BlackElo "2270"]
[PlyCount "40"]
[EventDate "2023.10.14"]
[EventType "swiss (blitz)"]
[EventRounds "13"]
[EventCountry "RUS"]
[SourceTitle "Mega2024 Update 01"]
[Source "Chessbase"]
[SourceDate "2023.11.12"]
[SourceVersion "1"]
[SourceVersionDate "2023.11.12"]
[SourceQuality "1"]

1. d4 d5 2. c4 e6 3. Nf3 Nf6 4. g3 dxc4 5. Bg2 Nc6 6. Qa4 Nd7 7. Qxc4 Nb6 8. Qd3 e5 9. Nxe5 Nb4 10. Qe4 f5 11. Qf4 Nc2+ 12. Kd1 Nxa1 13. Nc3 Bd6 14. b3 0-0 15. Bb2 Re8 16. Kc1 c5 17. e3 cxd4 18. exd4 Nxb3+ 19. axb3 Qc7 20. Kb1 Bxe5 1-0

[Event "Belgrade Serbia op"]
[Site "Belgrade"]
[Date "2023.07.24"]
[Round "9"]
[White "Averin, Nikolay"]
[Black "Tsvetkov, Andrey1111"]
[Result "1/2-1/2"]
[WhiteElo "2276"]
[BlackElo "2412"]
[PlyCount "65"]
[EventDate "2023.07.16"]
[EventType "swiss"]
[EventRounds "9"]
[EventCountry "SRB"]
[SourceTitle "CBM 215 Extra"]
[Source "ChessBase"]
[SourceDate "2023.09.30"]
[SourceVersion "1"]
[SourceVersionDate "2023.09.30"]
[SourceQuality "1"]

1. e4 e5 2. Nf3 Nc6 3. Bb5 Nf6 4. 0-0 Nxe4 5. d4 Nd6 6. dxe5 Nxb5 7. a4 Nbd4 8. Nxd4 Nxd4 9. Qxd4 d5 10. exd6 Qxd6 11. Qe4+ Qe6 12. Qd4 Qd6 13. Qe4+ Qe6 14. Qd4 Qd6 15. Qe3+ Be6 16. Nc3 a6 17. Rd1 Qc6 18. Rd3 Be7 19. Ne2 Bf6 20. Nd4 Bxd4 21. Qxd4 f6 22. Bf4 0-0 23. Rc3 Qb6 24. Qxb6 cxb6 25. Re1 Bd5 26. Re7 Rfe8 27. Rcc7 Rxe7 28. Rxe7 Rc8 29. Bc7 Kf8 30. Bd6 Kg8 31. Bc7 Kf8 32. Bd6 Kg8 33. Bc7 1/2-1/2

[Event "Belgrade Serbia op"]
[Site "Belgrade"]
[Date "2023.07.23"]
[Round "8"]
[White "Averin, Nikolay"]
[Black "Seemann, Jakub"]
[Result "1-0"]
[WhiteElo "2276"]
[BlackElo "2430"]
[PlyCount "131"]
[EventDate "2023.07.16"]
[EventType "swiss"]
[EventRounds "9"]
[EventCountry "SRB"]
[SourceTitle "CBM 215 Extra"]
[Source "ChessBase"]
[SourceDate "2023.09.30"]
[SourceVersion "1"]
[SourceVersionDate "2023.09.30"]
[SourceQuality "1"]

1. e4 e5 2. Nf3 Nc6 3. Bb5 a6 4. Ba4 Nf6 5. 0-0 Be7 6. Re1 b5 7. Bb3 d6 8. c3 0-0 9. h3 Nb8 10. d4 Nbd7 11. Nbd2 c5 12. d5 c4 13. Bc2 Bb7 14. b4 Ne8 15. g4 g6 16. Nf1 Ng7 17. Bh6 a5 18. a3 axb4 19. axb4 Rxa1 20. Qxa1 f5 21. exf5 Bxd5 22. N3h2 Bh4 23. Qd1 Nb6 24. Re2 gxf5 25. Ne3 Bb7 26. Bxg7 Kxg7 27. Nxf5+ Rxf5 28. Bxf5 Nd5 29. Qc2 Qa8 30. Nf1 Nf4 31. Re3 h6 32. Qd2 Qa6 33. Ng3 Bg5 34. h4 Bxh4 35. Bb1 Bxg3 36. fxg3 Nh3+ 37. Kf1 Ng5 38. Qc2 e4 39. Qd1 d5 40. Qd4+ Qf6+ 41. Qxf6+ Kxf6 42. Re2 Ke5 43. Rh2 Bc8 44. Rxh6 Bxg4 45. Rg6 Nf3 46. Kf2 Bf5 47. Rb6 Nh2 48. Ke2 Bd7 49. Rb7 Bg4+ 50. Kf2 Bf3 51. Rxb5 Ng4+ 52. Ke1 e3 53. Rb8 Kd6 54. Rf8 Ne5 55. Rf6+ Ke7 56. Rxf3 Nxf3+ 57. Ke2 Ne5 58. Kxe3 Nc6 59. b5 Na7 60. b6 Nc6 61. g4 Kf6 62. Kf4 d4 63. cxd4 Nxd4 64. b7 Nc6 65. g5+ Ke6 66. Ba2 1-0

[Event "Belgrade Serbia op"]
[Site "Belgrade"]
[Date "2023.07.21"]
[Round "6"]
[White "Averin, Nikolay"]
[Black "Ostojic, Katarina"]
[Result "1-0"]
[WhiteElo "2276"]
[BlackElo "2009"]
[PlyCount "127"]
[EventDate "2023.07.16"]
[EventType "swiss"]
[EventRounds "9"]
[EventCountry "SRB"]
[SourceTitle "CBM 215 Extra"]
[Source "ChessBase"]
[SourceDate "2023.09.30"]
[SourceVersion "1"]
[SourceVersionDate "2023.09.30"]
[SourceQuality "1"]

1. e4 e5 2. Nf3 Nc6 3. Bb5 Nf6 4. 0-0 Nxe4 5. d4 Nd6 6. dxe5 Nxb5 7. a4 Nbd4 8. Nxd4 Nxd4 9. Qxd4 d5 10. Nc3 c6 11. a5 Bf5 12. b4 Be7 13. Ne2 0-0 14. c3 f6 15. Bf4 Kh8 16. Rfe1 fxe5 17. Bxe5 Bf6 18. f3 Bxe5 19. Qxe5 Qd7 20. Nd4 Rae8 21. Qg3 Bg6 22. Rxe8 Rxe8 23. Re1 b6 24. h3 bxa5 25. bxa5 c5 26. Nb3 Rxe1+ 27. Qxe1 h6 28. Nxc5 Qb5 29. Qe7 Qb1+ 30. Kh2 Qb8+ 31. Kg1 Qb1+ 32. Kf2 Qb2+ 33. Kg3 Qxc3 34. Ne6 Qe1+ 35. Kh2 Qe5+ 36. f4 Qf6 37. Qxf6 gxf6 38. g4 Bd3 39. Kg3 Kh7 40. f5 Bc4 41. Kf3 h5 42. gxh5 Bb3 43. Nf4 Bc2 44. Nxd5 Bxf5 45. Nxf6+ Kh6 46. h4 Bc2 47. Kf4 Bd1 48. Ke5 Kg7 49. Kf5 Kh6 50. Kf4 Be2 51. Ke3 Bd1 52. Ke4 Kg7 53. Ke5 Be2 54. Kf5 Kh6 55. Kf4 Bd1 56. Ke3 Kg7 57. Ne8+ Kf7 58. Nd6+ Kg7 59. Nb5 a6 60. Nc7 Ba4 61. Nxa6 Bc6 62. Nc7 Kh6 63. Kf4 Kxh5 64. Kg3 1-0

[Event "Wch U14 blitz"]
[Site "Batumi"]
[Date "2023.06.11"]
[Round "7"]
[White "Averin, Nikolay"]
[Black "Bazilius, Augustinas"]
[Result "1-0"]
[WhiteElo "2340"]
[BlackElo "2019"]
[PlyCount "73"]
[EventDate "2023.06.10"]
[EventType "swiss (blitz)"]
[EventRounds "11"]
[EventCountry "GEO"]
[SourceTitle "EXT 2024"]
[Source "ChessBase"]
[SourceDate "2023.10.10"]
[SourceVersion "1"]
[SourceVersionDate "2023.10.10"]
[SourceQuality "1"]
[WhiteTeam "FIDE"]
[BlackTeam "Lithuania"]
[BlackTeamCountry "LTU"]

1. e4 c5 2. Nf3 e6 3. d4 cxd4 4. Nxd4 a6 5. Nc3 b5 6. Bd3 Bb7 7. 0-0 Nc6 8. Nxc6 Bxc6 9. Qe2 Bc5 10. Be3 Qb6 11. Bxc5 Qxc5 12. a4 b4 13. Nd5 Bb7 14. Ne3 Nf6 15. Nc4 d5 16. exd5 Qxd5 17. Ne3 Qc6 18. Rfd1 0-0 19. a5 Rfd8 20. f3 Qc5 21. Qf2 Nd5 22. Nc4 Qc7 23. b3 Rd7 24. Bf1 Rad8 25. Re1 Bc6 26. Ne5 Rd6 27. Bxa6 Nc3 28. Bf1 Rd2 29. Qb6 Qxb6+ 30. axb6 Bd5 31. Bc4 Rb8 32. Bxd5 Rxd5 33. Nc6 Rc8 34. b7 Rf8 35. Ra8 Rc5 36. Rxf8+ Kxf8 37. b8Q# 1-0